ICT and cooperative work

Možnosti využitia informačných a komunikačných technológií pri podpore tímovej spolupráce. Existujú 2 základné prístupy: systémy založené na technológiách www (intranety) a špecializované systémy určené na podporu spolupráce (groupware). Webové technológie sú hlavným prvkom internetu a stávajú sa na...

Ausführliche Beschreibung

Gespeichert in:
Bibliographische Detailangaben
1. Verfasser: Havlíček, Zdeněk
Weitere Verfasser: Vaněk, Jiří
Format: Buchkapitel
Sprache:Englisch
Schlagworte:
Tags: Tag hinzufügen
Keine Tags, Fügen Sie das erste Tag hinzu!

MARC

LEADER 00000naa$a2200000$$$4500
001 0036335
005 20231113141645.5
041 0 |a eng 
044 |a CZ 
245 1 0 |a ICT and cooperative work  |c Zdeněk Havlíček, Jiří Vaněk 
520 |a Možnosti využitia informačných a komunikačných technológií pri podpore tímovej spolupráce. Existujú 2 základné prístupy: systémy založené na technológiách www (intranety) a špecializované systémy určené na podporu spolupráce (groupware). Webové technológie sú hlavným prvkom internetu a stávajú sa najdôležitejšou technológiou v prezentačnej vrstve súčasných podnikových informačných systémov. Webové prostredie prenika do všetkých používaných aplikácií. Ich integráciou so všetkými súčasnými systémami sa používateľ stáva miestne nezávislý a môže využívať rôzne hardvérové a softvérové platformy aj výhody mobilnej komunikácie. Vlastné výsledky riešenia uvedenej problematiky sú prezentované na príkladoch. 
610 2 0 |a technológie informačné 
610 2 0 |a technológie komunikačné 
610 2 0 |a internet 
610 2 0 |a systémy informačné podnikové 
100 1 |a Havlíček, Zdeněk 
700 1 |a Vaněk, Jiří